Aforismos de Hipócrates en latin y castellano (Record no. 155452)
[ view plain ]
| 000 -LEADER | |
|---|---|
| campo de control de longitud fija | 00934nam a22001935i 4500 |
| 001 - NÚMERO DE CONTROL | |
| campo de control | 155452 |
| 003 - IDENTIFICADOR DE NÚMERO DE CONTROL | |
| campo de control | ES-MaACL |
| 005 - FECHA Y HORA DE LA ÚLTIMA TRANSACCIÓN | |
| campo de control | 20250724015107.0 |
| 008 - DATOS DE LONGITUD FIJA--INFORMACIÓN GENERAL | |
| campo de control de longitud fija | 040721s1840 sp |||| | spa d |
| 040 ## - FUENTE DE CATALOGACIÓN | |
| Centro catalogador/agencia de origen | CAM |
| Lengua de catalogación | spa |
| Centro/agencia transcriptor | CAM |
| 100 0# - ENTRADA PRINCIPAL--NOMBRE DE PERSONA | |
| Nombre de persona | Hipócrates. |
| 9 (RLIN) | 63793 |
| 245 10 - MENCIÓN DEL TÍTULO | |
| Título | Aforismos de Hipócrates en latin y castellano |
| Resto del título | : traduccion nueva, arreglada á las mas correctas interpretaciones del texto griego, con pocas y breves notas en ilustracion de los lugares oscuros, para comodidad de los alumnos del arte de curar, asi latinos como romanos / |
| Mención de responsabilidad, etc. | obra postuma del Dr. Garcia Suelto. |
| 260 ## - PUBLICACIÓN, DISTRIBUCIÓN, ETC. | |
| Lugar de publicación, distribución, etc. | Valencia : |
| Nombre del editor, distribuidor, etc. | [s.n.], |
| Fecha de publicación, distribución, etc. | 1840 ( |
| Fabricante | Imprenta de Cabrerizo) |
| 300 ## - DESCRIPCIÓN FÍSICA | |
| Extensión | XI, 240 p. ; |
| Dimensiones | 11 cm. |
| 650 04 - PUNTO DE ACCESO ADICIONAL DE MATERIA--TÉRMINO DE MATERIA | |
| Término de materia o nombre geográfico como elemento de entrada | Medicina- |
| Subdivisión de forma | Obras anteriores a 1800 |
| 9 (RLIN) | 14912 |
| 700 1# - ENTRADA AGREGADA--NOMBRE PERSONAL | |
| Nombre de persona | García Suelto. |
| 9 (RLIN) | 127222 |
| 852 ## - LOCALIZACIÓN | |
| Ubicación | ES-MaACL |
| Número de control de estantería | R-1784 |
| Nota libre | -- Enc. pasta española |
| -- | -- Ex-libris ms. de R. Alvarez Olim: D-4040 |
| Estatus retirado | Estado de pérdida | Estado de daño | No para préstamo | Colección | Biblioteca de origen | Biblioteca actual | Ubicación en estantería | Fecha de adquisición | Fuente de adquisición | Total de préstamos | Signatura topográfica completa | Código de barras | Visto por última vez | Precio de reemplazo | Tipo de ítem Koha |
|---|---|---|---|---|---|---|---|---|---|---|---|---|---|---|---|
| Libros del s. XIX | Biblioteca del Ateneo de Madrid | Biblioteca del Ateneo de Madrid | Depósito | 17/01/2008 | R-1784 | 1162608 | 23/02/2023 | 23/02/2023 | Libro impreso antiguo |
